000 00373nam a2200145Ia 4500
008 230917s9999||||xx |||||||||||||| ||und||
040 _e217412
_aMAIN
041 _aEnglish
082 _a759.9544 C394R
100 _aChauhan, Surendra Singh
245 0 _aRajasthani chitrakala
260 _aNew Delhi
_bRahul Publishing House
_c1994
300 _ax, 219 p.
942 _cBK
999 _c232814
_d232814